000 00503nam a2200193 a 4500
001 4094
005 20180713184005.0
008 140415s1986 mx 000 0 spa d
041 _aspa
082 _a300.018
_bGOO
100 1 _aGOODE, WILLIAM I.
245 1 0 _aMETODOS DE INVESTIGACION SOCIAL
250 _a1a ed.
260 _aMEXICO :
_bTRILLAS,
_c1986
300 _a469
650 1 4 _aINVESTIGACION SOCIAL
700 1 _aPALAZON B., RAMON
_etr.
700 1 _aHATT, PAUL K.
_ecoaut.
999 _c4094
_d4094